000 00579nam a2200181Ia 4500
008 090124s9999 xx 000 0 und d
082 _b118369
100 _aभागवत यशवंत
245 _a प्रिया कुणाची प्रिया
250 _a1
260 _c1980
300 _a188
600 _aभागवत यशवंत
630 _a प्रिया कुणाची प्रिया
700 _aभागवत यशवंत
730 _a प्रिया कुणाची प्रिया
942 _cBOOK
999 _c164455
_d164455